European Championship Group Stage Goalscorers 2012 - Statistics

General Stats
  • This quiz has been taken 4 times
  • The average score is 36 of 60
Answer Stats
Group Nation Score Player % Correct
B Portugal 1-1 Cristiano Ronaldo
100%
B Portugal 2-1 Cristiano Ronaldo
100%
A Poland 1-0 Robert Lewandowski
100%
D England 1-0 Wayne Rooney
100%
D Sweden 1-0 Zlatan Ibrahimovic
100%
D Sweden 1-0 Zlatan Ibrahimovic
100%
A Rusiia 1-0 Alan Dzagoev
75%
A Russia 3-1 Alan Dzagoev
75%
A Russia 1-0 Alan Dzagoev
75%
D Ukraine 1-1 Andriy Shevchenko
75%
D Ukraine 2-1 Andriy Shevchenko
75%
A Greece 1-1 Dimitris Salpingidis
75%
C Spain 1-0 Fernando Torres
75%
C Spain 3-0 Fernando Torres
75%
D France 1-0 Jeremy Menez
75%
C Italy 2-0 Mario Balotelli
75%
B Germany 1-0 Mario Gomez
75%
B Germany 1-0 Mario Gomez
75%
B Germany 2-0 Mario Gomez
75%
B Portugal 1-0 Pepe
75%
B Netherlands 2-1 Robin van Persie
75%
D France 1-1 Samir Nasri
75%
C Italy 1-0 Andrea Pirlo
50%
D England 1-0 Andy Carroll
50%
C Italy 1-0 Antonio Cassano
50%
C Italy 1-0 Antonio Di Natale
50%
C Spain 1-1 Cesc Fabregas
50%
C Spain 4-0 Cesc Fabregas
50%
D England 3-2 Danny Welbeck
50%
C Spain 2-0 David Silva
50%
D Sweden 2-1 Erik Mellberg
50%
D England (OG) 1-1 Glen Johnson
50%
B Portugal 2-0 Helder Postiga
50%
A Poland 1-1 Jakub Blaszczykowski
50%
C Spain 1-0 Jesus Navas
50%
D England 1-0 Joleon Lescott
50%
B Germany 2-1 Lars Bender
50%
B Germany 1-0 Lukas Podolski
50%
C Croatia 1-0 Mario Mandzukic
50%
C Croatia 3-1 Mario Mandzukic
50%
C Croatia 1-1 Mario Mandzukic
50%
B Denmark 2-1 Nicklas Bendtner
50%
B Denmark 2-2 Nicklas Bendtner
50%
C Croatia 2-1 Nikica Jelavic
50%
A Czech Republic 1-0 Petr Jiracek
50%
A Czech Republic 1-0 Petr Jiracek
50%
B Netherlands 1-0 Rafael van der Vaart
50%
A Russia 4-1 Roman Pavlyuchenko
50%
C Ireland 1-1 Sean St Ledger
50%
D Sweden 2-0 Sebastian Larsson
50%
B Portugal 3-2 Silvestre Varela
50%
A Greece 2-1 Theofanis Gekas
50%
D England 2-2 Theo Walcott
50%
D France 2-0 Yohan Cabaye
50%
A Greece 1-0 Georgios Karagkounis
25%
B Denmark 1-0 Michael Krohn-Dehli
25%
B Denmark 1-1 Michael Krohn-Delhi
25%
A Russia 2-0 Roman Shirokov
25%
A Czech Republic 2-1 Vaclav Pilar
25%
A Czech Republic 2-0 Vaclav Pilar
25%
No matching quizzes found
Score Distribution
Percent of People with Each Score
Percentile by Number Answered
Your Score History
You have not taken this quiz